000 00421nam a2200133Ia 4500
005 20260328101455.0
008 260328s9999||||xx |||||||||||||| ||und||
100 _aMena García, María del Carmen
245 0 _aLa Ciudad de Panamá en el Siglo XVIII :
_b Trazado Urbano y técnica constructiva /
_cMaría del Carmen Mena García
260 _bCultural Portobelo
300 _a50 p.
650 _aLATINOAMERICA
942 _cBK
999 _c8802
_d8802